000 00208nam a2200097Ia 4500
008 240331s9999 xx 000 0 und d
082 _bRAG
100 _aRaghavan,P
245 0 _aKuthiraigalin kathai
942 _cL
999 _c4743
_d4743